000
00267nam a2200097Ia 4500
082
_a
J|995|ETIN
245
0
_a
Fighting tuberculosis
100
_a
ETINGOFF, Kim [South Africa], [c.2012]
_9
58767
942
_c
BK
008
210817s9999 xx 000 0 und d
999
_c
184118
_d
184117